<?xml version="1.0" encoding="UTF-8"?>
<record
    xmlns:xsi="http://www.w3.org/2001/XMLSchema-instance"
    xsi:schemaLocation="http://www.loc.gov/MARC21/slim http://www.loc.gov/standards/marcxml/schema/MARC21slim.xsd"
    xmlns="http://www.loc.gov/MARC21/slim">

  <leader>00884nam a2200253 i 4500</leader>
  <controlfield tag="001">187042</controlfield>
  <controlfield tag="003">SpMaBN</controlfield>
  <controlfield tag="005">20230906222813.0</controlfield>
  <controlfield tag="008">170404s1995    mx fo        |||| |bspa d</controlfield>
  <datafield tag="020" ind1=" " ind2=" ">
    <subfield code="a">968-36-4110-5</subfield>
  </datafield>
  <datafield tag="080" ind1=" " ind2=" ">
    <subfield code="a">929 Reyes, Alfonso</subfield>
  </datafield>
  <datafield tag="100" ind1="1" ind2=" ">
    <subfield code="a">Curiel, Fernando.</subfield>
    <subfield code="9">42216</subfield>
  </datafield>
  <datafield tag="245" ind1="1" ind2="3">
    <subfield code="a">El cielo no se abre </subfield>
    <subfield code="b">: semblanza documental de Alfonso Reyes /</subfield>
    <subfield code="c">Fernando Curiel.</subfield>
  </datafield>
  <datafield tag="250" ind1=" " ind2=" ">
    <subfield code="a">1&#xAA; ed.</subfield>
  </datafield>
  <datafield tag="260" ind1=" " ind2=" ">
    <subfield code="a">M&#xE9;xico : </subfield>
    <subfield code="b">Universidad Nacional Aut&#xF3;noma de M&#xE9;xico : </subfield>
    <subfield code="b">El Colegio Nacional, </subfield>
    <subfield code="c">1995.</subfield>
  </datafield>
  <datafield tag="300" ind1=" " ind2=" ">
    <subfield code="a">244 p., [11] p. de l&#xE1;m. fot. ; </subfield>
    <subfield code="c">23 cm.</subfield>
  </datafield>
  <datafield tag="504" ind1=" " ind2=" ">
    <subfield code="a">Bibliograf&#xED;a: p. 239-241.</subfield>
  </datafield>
  <datafield tag="600" ind1="1" ind2="4">
    <subfield code="a">Reyes, Alfonso,</subfield>
    <subfield code="d">1889-1959</subfield>
    <subfield code="9">96554</subfield>
  </datafield>
  <datafield tag="700" ind1="1" ind2=" ">
    <subfield code="a">Reyes, Alfonso,</subfield>
    <subfield code="d">1889-1959</subfield>
    <subfield code="9">96554</subfield>
  </datafield>
  <datafield tag="710" ind1="2" ind2=" ">
    <subfield code="a">Universidad Nacional Aut&#xF3;noma de M&#xE9;xico.</subfield>
    <subfield code="9">7397</subfield>
  </datafield>
  <datafield tag="710" ind1="2" ind2=" ">
    <subfield code="a">Colegio Nacional (M&#xE9;xico)</subfield>
    <subfield code="9">2941</subfield>
  </datafield>
  <datafield tag="852" ind1=" " ind2=" ">
    <subfield code="a">ES-MaACL</subfield>
    <subfield code="j">L-31363</subfield>
  </datafield>
  <datafield tag="999" ind1=" " ind2=" ">
    <subfield code="c">187042</subfield>
    <subfield code="d">187042</subfield>
  </datafield>
  <datafield tag="952" ind1=" " ind2=" ">
    <subfield code="0">0</subfield>
    <subfield code="1">0</subfield>
    <subfield code="4">0</subfield>
    <subfield code="7">0</subfield>
    <subfield code="a">ATENEOM</subfield>
    <subfield code="b">ATENEOM</subfield>
    <subfield code="c">DEPO2</subfield>
    <subfield code="d">2017-04-04</subfield>
    <subfield code="e">DON</subfield>
    <subfield code="l">0</subfield>
    <subfield code="o">L-31363</subfield>
    <subfield code="p">1197326</subfield>
    <subfield code="r">2023-02-23 00:00:00</subfield>
    <subfield code="w">2023-02-23</subfield>
    <subfield code="y">MONOGRAFIA</subfield>
  </datafield>
</record>
